[Event "La Roda op 50th"]
[Site "La Roda"]
[Date "2024.03.31"]
[Round "9"]
[White "Peralta, Fernando"]
[Black "Lopez Nunez, Alonso"]
[Result "1-0"]
[WhiteElo "2580"]
[BlackElo "1993"]
[PlyCount "65"]
[EventDate "2024.03.27"]
[EventType "swiss"]
[EventRounds "9"]
[EventCountry "ESP"]
[SourceTitle "CBM 219 Extra"]
[Source "ChessBase"]
[SourceDate "2024.05.31"]
[SourceVersion "1"]
[SourceVersionDate "2024.05.31"]
[SourceQuality "1"]

1. d4 d5 2. c4 c5 3. cxd5 Qxd5 4. Nf3 cxd4 5. Nc3 Qa5 6. Nxd4 Nf6 7. Nb3 Qh5 8. f3 e5 9. e4 Bb4 10. Be3 0-0 11. Bc4 a6 12. 0-0 Nbd7 13. Rc1 Qg6 14. a3 Be7 15. Rf2 h5 16. Rd2 h4 17. Bf1 Re8 18. Na5 h3 19. g3 Bc5 20. Qe1 Qh6 21. Nd1 b6 22. Rxc5 Qh5 23. Rxc8 Rexc8 24. g4 Qg6 25. Nc4 b5 26. Nd6 Rc6 27. Nf5 Kf8 28. Rxd7 Nxd7 29. Qb4+ Nc5 30. Bxc5+ Ke8 31. Ne7 Qe6 32. Nxc6 Qxc6 33. Nc3 1-0

[Event "La Roda op 50th"]
[Site "La Roda"]
[Date "2024.03.30"]
[Round "7"]
[White "Lopez Nunez, Alonso"]
[Black "Fernandez Barrera, Victor"]
[Result "1/2-1/2"]
[WhiteElo "1993"]
[BlackElo "2249"]
[PlyCount "69"]
[EventDate "2024.03.27"]
[EventType "swiss"]
[EventRounds "9"]
[EventCountry "ESP"]
[SourceTitle "CBM 219 Extra"]
[Source "ChessBase"]
[SourceDate "2024.05.31"]
[SourceVersion "1"]
[SourceVersionDate "2024.05.31"]
[SourceQuality "1"]

1. e4 c6 2. Nf3 d5 3. d3 Bg4 4. h3 Bxf3 5. Qxf3 e6 6. g3 Nd7 7. Bg2 Ngf6 8. 0-0 Qb6 9. Qe2 dxe4 10. dxe4 e5 11. Nd2 Qc7 12. a4 Nc5 13. Nc4 Nfd7 14. Bd2 Ne6 15. Be3 Bc5 16. c3 Bxe3 17. Nxe3 0-0 18. Qc2 a5 19. h4 Nf6 20. Nc4 Rfd8 21. Rfd1 Nc5 22. Kf1 h5 23. Ke2 Rxd1 24. Rxd1 Nxa4 25. Qxa4 b5 26. Qa2 bxc4 27. Qxc4 Qb6 28. Rd2 Ng4 29. Ke1 a4 30. Bf3 Nf6 31. Bd1 Qb5 32. Qxb5 cxb5 33. f3 Kf8 34. Be2 Rb8 35. Rd6 1/2-1/2

[Event "ESP-ch U18"]
[Site "Salobrena"]
[Date "2023.08.04"]
[Round "8"]
[White "Travesset Sagre, Jan"]
[Black "Lopez Nunez, Alonso"]
[Result "1-0"]
[WhiteElo "2157"]
[BlackElo "2014"]
[PlyCount "78"]
[EventDate "2023.07.31"]
[EventType "swiss"]
[EventRounds "9"]
[EventCountry "ESP"]
[SourceTitle "CBM 215 Extra"]
[Source "ChessBase"]
[SourceDate "2023.09.30"]
[SourceVersion "1"]
[SourceVersionDate "2023.09.30"]
[SourceQuality "1"]

1. d4 Nf6 2. c4 e6 3. g3 Bb4+ 4. Nd2 0-0 5. Bg2 d6 6. Ngf3 Qe7 7. 0-0 Bxd2 8. Qxd2 e5 9. b3 e4 10. Ne1 d5 11. cxd5 Nxd5 12. Nc2 Rd8 13. Ba3 Qe8 14. Ne3 Nf6 15. d5 c6 16. d6 Qe6 17. f3 Nbd7 18. f4 Nb6 19. Rad1 Nbd5 20. f5 Qe5 21. Nxd5 cxd5 22. e3 Rxd6 23. Bxd6 Qxd6 24. Bxe4 Nxe4 25. Qxd5 Qxd5 26. Rxd5 Kf8 27. Rc1 Bxf5 28. Rxf5 Nd6 29. Rd5 Ke7 30. Rcd1 Rd8 31. e4 f6 32. e5 fxe5 33. Rxe5+ Kf6 34. Red5 Ke7 35. Kg2 Nf7 36. Re1+ Kf6 37. Rf1+ Ke6 38. Rxd8 Nxd8 39. Rf8 Kd5 1-0

[Event "ESP-ch U18"]
[Site "Salobrena"]
[Date "2023.08.02"]
[Round "5"]
[White "Lopez Nunez, Alonso"]
[Black "Cesar Maestre, Eduardo"]
[Result "1-0"]
[WhiteElo "2014"]
[BlackElo "1786"]
[PlyCount "101"]
[EventDate "2023.07.31"]
[EventType "swiss"]
[EventRounds "9"]
[EventCountry "ESP"]
[SourceTitle "CBM 215 Extra"]
[Source "ChessBase"]
[SourceDate "2023.09.30"]
[SourceVersion "1"]
[SourceVersionDate "2023.09.30"]
[SourceQuality "1"]

1. b3 d5 2. Bb2 c5 3. e3 Nc6 4. Nf3 Bf5 5. Bb5 Nf6 6. 0-0 e6 7. Ne5 Qc7 8. f4 Be7 9. d3 0-0 10. Bxc6 bxc6 11. Qe2 h6 12. Nc3 Bd6 13. Na4 Bh7 14. Ba3 Bxe5 15. fxe5 Qxe5 16. Bxc5 Rfe8 17. Rae1 Qc7 18. Rf3 e5 19. Ref1 Bg6 20. Qf2 e4 21. Rxf6 gxf6 22. Bd4 f5 23. Qh4 Kh7 24. Qf6 Rg8 25. dxe4 fxe4 26. Nc5 Rac8 27. Qh4 Qd8 28. Rf6 Qe7 29. Qf4 Rge8 30. h4 h5 31. g4 Qc7 32. gxh5 Qxf4 33. hxg6+ fxg6 34. Rxf4 Rf8 35. Rxf8 Rxf8 36. Ne6 Re8 37. Ng5+ Kh6 38. Kg2 Kh5 39. Kg3 Kh6 40. b4 Re7 41. a4 Re8 42. a5 Re7 43. Bc5 Rb7 44. Bf8+ Kh5 45. Nh3 g5 46. Nxg5 Rb8 47. Bc5 a6 48. Ne6 Rb7 49. Kf4 Kxh4 50. Ke5 Rd7 51. Nd4 1-0

[Event "Madrid Alcorcon op 1st"]
[Site "Madrid"]
[Date "2022.12.28"]
[Round "5"]
[White "Lopez Nunez, Alonso"]
[Black "Ribera Veganzones, Josep Maria"]
[Result "1-0"]
[WhiteElo "1972"]
[BlackElo "2167"]
[PlyCount "111"]
[EventDate "2022.12.26"]
[EventType "swiss"]
[EventRounds "9"]
[EventCountry "ESP"]
[SourceTitle "CBM 212 Extra"]
[Source "ChessBase"]
[SourceDate "2023.03.31"]
[SourceVersion "1"]
[SourceVersionDate "2023.03.31"]
[SourceQuality "1"]

1. d4 Nf6 2. Bf4 g6 3. Nc3 d5 4. Qd2 Bg7 5. Bh6 0-0 6. Bxg7 Kxg7 7. 0-0-0 b6 8. f3 Bb7 9. g4 a6 10. h4 h5 11. gxh5 Nxh5 12. e3 Qd6 13. Be2 Ng3 14. Rh3 Bc8 15. Rh2 Rh8 16. f4 Nxe2+ 17. Qxe2 Rh5 18. Qg2 Qe6 19. Re1 Qg4 20. Qf2 Nd7 21. Nf3 Nf6 22. Rg1 Qe6 23. Ne5 Qd6 24. Ne2 Ne4 25. Qf3 Kf6 26. Rg5 Rh7 27. Ng3 Nxg3 28. Qxg3 Bf5 29. Rxf5+ gxf5 30. Qg5+ Ke6 31. Rd2 Qd8 32. e4 fxe4 33. f5+ Kd6 34. Rg2 c5 35. Qf4 Qe8 36. Nxf7+ Kc6 37. Rg6+ Kb7 38. Ng5 Rh8 39. Rg7 Kc6 40. Qe5 Ra7 41. Qe6+ Kb5 42. Qxd5 Qd7 43. Qb3+ Ka5 44. dxc5 bxc5 45. Qc3+ Kb5 46. a4+ Kc6 47. Rg6+ Kb7 48. Qxh8 Qxf5 49. Re6 Qf1+ 50. Kd2 Qf2+ 51. Kc3 Qe1+ 52. Kb3 Qb4+ 53. Ka2 Qc4+ 54. b3 Qxc2+ 55. Qb2 Qd3 56. Rxe7+ 1-0

[Event "Madrid Alcorcon op 1st"]
[Site "Madrid"]
[Date "2022.12.27"]
[Round "4"]
[White "Camarero Izquierdo, Juan Carlos"]
[Black "Lopez Nunez, Alonso"]
[Result "0-1"]
[WhiteElo "1691"]
[BlackElo "1972"]
[PlyCount "64"]
[EventDate "2022.12.26"]
[EventType "swiss"]
[EventRounds "9"]
[EventCountry "ESP"]
[SourceTitle "CBM 212 Extra"]
[Source "ChessBase"]
[SourceDate "2023.03.31"]
[SourceVersion "1"]
[SourceVersionDate "2023.03.31"]
[SourceQuality "1"]

1. e4 c5 2. Nf3 Nc6 3. d4 cxd4 4. Nxd4 Nf6 5. Nc3 e5 6. Ndb5 d6 7. Bg5 a6 8. Bxf6 gxf6 9. Na3 b5 10. Nd5 Bg7 11. Qh5 Ne7 12. 0-0-0 Nxd5 13. exd5 f5 14. Kb1 Qf6 15. c3 0-0 16. Ka1 Bd7 17. h3 Rfb8 18. g4 e4 19. g5 Qe5 20. Qe2 Rc8 21. h4 Rc5 22. h5 Rac8 23. Bg2 b4 24. Nb1 bxc3 25. Nxc3 Rxc3 26. f4 Qxd5 27. bxc3 Bxc3+ 28. Kb1 Qb7+ 29. Kc1 Ba5+ 30. Qc2 Rxc2+ 31. Kxc2 Ba4+ 32. Kc1 Qc6+ 0-1

[Event "Collado Villalba Grupo Gallinero op 1st"]
[Site "Collado Villalba"]
[Date "2022.08.17"]
[Round "9"]
[White "Lopez Nunez, Alonso"]
[Black "Mkrtchyan, Levon"]
[Result "1/2-1/2"]
[WhiteElo "1770"]
[BlackElo "2265"]
[PlyCount "34"]
[EventDate "2022.08.12"]
[EventType "swiss"]
[EventRounds "9"]
[EventCountry "ESP"]
[SourceTitle "CBM 210 Extra"]
[Source "ChessBase"]
[SourceDate "2022.11.30"]
[SourceVersion "1"]
[SourceVersionDate "2022.11.30"]
[SourceQuality "1"]

1. d4 c5 2. dxc5 e6 3. e4 Bxc5 4. Bd3 d6 5. Nf3 Nf6 6. 0-0 Nbd7 7. a3 0-0 8. Qe2 Qc7 9. h3 a6 10. Re1 b5 11. e5 dxe5 12. Nxe5 Bb7 13. Nxd7 Qxd7 14. Nc3 b4 15. axb4 Bxb4 16. Bxa6 Qd6 17. Bf4 Qxf4 1/2-1/2

[Event "Collado Villalba Grupo Gallinero op 1st"]
[Site "Collado Villalba"]
[Date "2022.08.15"]
[Round "7"]
[White "Lopez Nunez, Alonso"]
[Black "Del Olmo Linares, Marco"]
[Result "1-0"]
[WhiteElo "1770"]
[BlackElo "1516"]
[PlyCount "81"]
[EventDate "2022.08.12"]
[EventType "swiss"]
[EventRounds "9"]
[EventCountry "ESP"]
[SourceTitle "CBM 210 Extra"]
[Source "ChessBase"]
[SourceDate "2022.11.30"]
[SourceVersion "1"]
[SourceVersionDate "2022.11.30"]
[SourceQuality "1"]

1. d4 Nf6 2. Bf4 d5 3. e3 c5 4. Nf3 Nc6 5. Nbd2 e6 6. c3 Qb6 7. Qb3 c4 8. Qc2 Be7 9. b3 cxb3 10. axb3 0-0 11. Bd3 h6 12. 0-0 Nh5 13. Be5 f6 14. Bf4 Nxf4 15. exf4 Qc7 16. Nh4 f5 17. Ng6 Rf6 18. Ne5 Nxe5 19. fxe5 Rg6 20. Nf3 Qd8 21. c4 b6 22. c5 bxc5 23. dxc5 Qc7 24. Rfc1 Rb8 25. Qc3 Rg4 26. Nd4 Qxc5 27. Qxc5 Bxc5 28. Nc6 Rxb3 29. Rxc5 Rxd3 30. Ne7+ Kh7 31. Rxc8 Re4 32. g3 Rxe5 33. Rxa7 Re1+ 34. Kg2 Rd2 35. Raa8 g6 36. Rh8+ Kg7 37. Raf8 h5 38. Rhg8+ Kh6 39. Rxg6+ Kh7 40. Rf7+ Kh8 41. Rg8# 1-0

[Event "Collado Villalba Grupo Gallinero op 1st"]
[Site "Collado Villalba"]
[Date "2022.08.14"]
[Round "4"]
[White "Lopez Nunez, Alonso"]
[Black "Martinez Fernandez, Raul"]
[Result "0-1"]
[WhiteElo "1770"]
[BlackElo "2187"]
[PlyCount "96"]
[EventDate "2022.08.12"]
[EventType "swiss"]
[EventRounds "9"]
[EventCountry "ESP"]
[SourceTitle "CBM 210 Extra"]
[Source "ChessBase"]
[SourceDate "2022.11.30"]
[SourceVersion "1"]
[SourceVersionDate "2022.11.30"]
[SourceQuality "1"]

1. d4 Nf6 2. Bf4 e6 3. e3 c5 4. c3 b6 5. Nf3 Bb7 6. Bd3 d6 7. 0-0 Nbd7 8. Re1 Nh5 9. Ng5 g6 10. Qg4 f5 11. Qe2 Qf6 12. Nh3 e5 13. Bg5 Qf7 14. dxe5 dxe5 15. Rd1 Nhf6 16. Bc4 Qg7 17. Qd3 Be7 18. Be6 Rd8 19. Na3 Nf8 20. Bxf6 Bxf6 21. Qb5+ Ke7 22. Rxd8 Kxd8 23. Rd1+ Kc7 24. Bb3 a6 25. Qd3 Qe7 26. Bc4 Ne6 27. Bxe6 Qxe6 28. Qc4 Qxc4 29. Nxc4 b5 30. Na5 Bc8 31. Rd5 Rd8 32. Rxd8 Bxd8 33. Nb3 Kc6 34. f3 Bb6 35. Nd2 Be6 36. Ng5 Bg8 37. Kf2 h6 38. Nh3 Bxa2 39. Ke2 a5 40. Nf2 Be6 41. g4 a4 42. Nd3 Bc7 43. gxf5 gxf5 44. Nf1 Bd5 45. Ng3 b4 46. Nh5 bxc3 47. bxc3 a3 48. Ne1 Bb3 0-1

[Event "ESP-ch U16"]
[Site "Salobrena"]
[Date "2022.07.25"]
[Round "2"]
[White "Lopez Nunez, Alonso"]
[Black "Ruiz Vazquez, Javier"]
[Result "0-1"]
[WhiteElo "1765"]
[BlackElo "1993"]
[PlyCount "80"]
[EventDate "2022.07.25"]
[EventType "swiss"]
[EventRounds "9"]
[EventCountry "ESP"]
[SourceTitle "EXT 2023"]
[Source "ChessBase"]
[SourceDate "2022.10.05"]
[SourceVersion "1"]
[SourceVersionDate "2022.10.05"]
[SourceQuality "1"]

1. e4 c5 2. Nf3 d6 3. Bb5+ Nd7 4. c4 Ngf6 5. Nc3 e5 6. a3 Be7 7. b4 0-0 8. 0-0 a6 9. Bxd7 Nxd7 10. d3 f5 11. exf5 Nf6 12. Ng5 Bxf5 13. Nge4 cxb4 14. axb4 Rc8 15. Qb3 Kh8 16. Rd1 Be6 17. Nd5 Nxd5 18. cxd5 Bg4 19. Re1 Qe8 20. d4 Qg6 21. dxe5 dxe5 22. Bd2 Rcd8 23. Ra5 Bf3 24. Ng3 Bxd5 25. Rxd5 Qf7 26. Rd3 Qxb3 27. Rxb3 Rxd2 28. Ne4 Rd4 29. Nc5 a5 30. g3 b6 31. Na6 a4 32. Rbb1 Bf6 33. Rec1 e4 34. Rc6 Rd2 35. Rc4 a3 36. Rbc1 a2 37. Rc8 Kg8 38. Rxf8+ Kxf8 39. Rc8+ Rd8 40. Rxd8+ Bxd8 0-1

[Event "Madrid San Viator op-B 30th"]
[Site "Madrid"]
[Date "2018.06.03"]
[Round "8"]
[White "Lopez Nunez, Alonso"]
[Black "Aldea Moreno, Marina"]
[Result "1-0"]
[WhiteElo "1544"]
[BlackElo "1641"]
[PlyCount "77"]
[EventDate "2018.04.08"]
[EventType "swiss"]
[EventRounds "9"]
[EventCountry "ESP"]
[SourceTitle "EXT 2019"]
[Source "ChessBase"]
[SourceDate "2018.10.10"]
[SourceVersion "1"]
[SourceVersionDate "2018.10.10"]
[SourceQuality "1"]

1. e4 e5 2. Nf3 Nc6 3. Bb5 a6 4. Ba4 Nf6 5. d3 h6 6. 0-0 b5 7. Bb3 Bc5 8. Nc3 0-0 9. a4 Rb8 10. axb5 axb5 11. Nd5 d6 12. c3 Nxd5 13. Bxd5 Ne7 14. Bb3 Bg4 15. h3 Bh5 16. g4 Bg6 17. Nh4 c6 18. Kh2 Kh7 19. f4 f6 20. f5 Bf7 21. Bxf7 Rxf7 22. Qf3 d5 23. Bd2 dxe4 24. Qxe4 Qd5 25. Qxd5 cxd5 26. Rfd1 Rff8 27. Ng2 Rb6 28. Be3 Bxe3 29. Nxe3 d4 30. cxd4 exd4 31. Nc2 Nc6 32. Re1 Ne5 33. Nxd4 Rd8 34. Ne6 Rxd3 35. Red1 Rbd6 36. Rxd3 Rxd3 37. Ra7 Rd7 38. Nf8+ Kg8 39. Nxd7 1-0

[Event "Madrid San Viator op-B 30th"]
[Site "Madrid"]
[Date "2018.05.20"]
[Round "6"]
[White "Lopez Nunez, Alonso"]
[Black "Bermejo Sevillano, Alberto"]
[Result "0-1"]
[WhiteElo "1544"]
[BlackElo "1516"]
[PlyCount "44"]
[EventDate "2018.04.08"]
[EventType "swiss"]
[EventRounds "9"]
[EventCountry "ESP"]
[SourceTitle "EXT 2019"]
[Source "ChessBase"]
[SourceDate "2018.10.10"]
[SourceVersion "1"]
[SourceVersionDate "2018.10.10"]
[SourceQuality "1"]

1. d4 d5 2. Bf4 c5 3. e3 Nc6 4. c3 Nf6 5. Bd3 Bg4 6. f3 Bd7 7. Nd2 Nh5 8. Ne2 e6 9. h4 Nxf4 10. Nxf4 Qc7 11. dxc5 Bxc5 12. Nb3 Bxe3 13. Ne2 Qe5 14. Qc2 Rc8 15. Kd1 Nb4 16. Qb1 Nxd3 17. Qxd3 Ba4 18. Kc2 a6 19. Rae1 Bf2 20. Ref1 Bb5 21. Qd2 Be3 22. Qd1 Qf5+ 0-1

[Event "Madrid San Viator op-B 30th"]
[Site "Madrid"]
[Date "2018.04.22"]
[Round "3"]
[White "Arce Escobedo, Julio"]
[Black "Lopez Nunez, Alonso"]
[Result "0-1"]
[WhiteElo "1670"]
[BlackElo "1544"]
[PlyCount "66"]
[EventDate "2018.04.08"]
[EventType "swiss"]
[EventRounds "9"]
[EventCountry "ESP"]
[SourceTitle "EXT 2019"]
[Source "ChessBase"]
[SourceDate "2018.10.10"]
[SourceVersion "1"]
[SourceVersionDate "2018.10.10"]
[SourceQuality "1"]

1. e4 c5 2. Nf3 Nc6 3. d4 cxd4 4. Nxd4 g6 5. Nxc6 bxc6 6. c4 Nf6 7. Nc3 d6 8. Bd3 Bg7 9. 0-0 0-0 10. Rb1 a5 11. b3 Be6 12. Bb2 Qc7 13. Qe2 Nd7 14. Rfd1 Nc5 15. Bc2 Rfb8 16. f4 a4 17. bxa4 Rxb2 18. Rxb2 Bxc3 19. Rbb1 Nxa4 20. Bxa4 Rxa4 21. Qf3 Rxc4 22. f5 gxf5 23. Qg3+ Kh8 24. Rd3 Be5 25. Qg5 Rxe4 26. Ra3 Bd4+ 27. Kh1 Ba7 28. Qh6 Rg4 29. h3 Rg6 30. Qd2 Bd5 31. Qc3+ e5 32. Rb2 Bd4 33. Ra8+ Kg7 0-1

[Event "Madrid San Viator op-B 29th"]
[Site "Madrid"]
[Date "2017.09.24"]
[Round "2"]
[White "Yeghiazaryan Petrosyan, Roberto"]
[Black "Lopez Nunez, Alonso"]
[Result "1/2-1/2"]
[WhiteElo "1285"]
[BlackElo "1549"]
[PlyCount "147"]
[EventDate "2017.09.17"]
[EventType "swiss"]
[EventRounds "9"]
[EventCountry "ESP"]
[SourceTitle "EXT 2019"]
[Source "ChessBase"]
[SourceDate "2018.10.10"]
[SourceVersion "1"]
[SourceVersionDate "2018.10.10"]
[SourceQuality "1"]

1. d4 Nf6 2. Nf3 e6 3. g3 b6 4. Bg2 Bb7 5. 0-0 c5 6. e3 Be7 7. c4 d6 8. Qc2 Nbd7 9. Nc3 Rc8 10. b3 cxd4 11. exd4 d5 12. Nd2 Ba6 13. Qd3 Bb4 14. Nb5 Bxb5 15. cxb5 Rc3 16. Qb1 Qc8 17. a3 Be7 18. Ra2 0-0 19. Nf3 Ne4 20. Be3 Nd6 21. Rc1 Nxb5 22. a4 Rxc1+ 23. Qxc1 Qxc1+ 24. Bxc1 Nd6 25. Rc2 Rc8 26. Rxc8+ Nxc8 27. Kf1 Bf6 28. Bb2 Nb8 29. Ke2 Nd6 30. g4 Nc6 31. Ke3 Na5 32. Nd2 Nc6 33. Bc3 Kf8 34. f4 h6 35. h3 Nb7 36. Bf1 g5 37. fxg5 Bxg5+ 38. Kd3 Nba5 39. Kc2 Bxd2 40. Bxd2 Nxd4+ 41. Kd3 Naxb3 42. Bxh6+ Kg8 43. Bf4 Nc6 44. Kc3 Nc5 45. Bb5 Na5 46. h4 a6 47. Be2 Nxa4+ 48. Kb4 Nc5 49. Bd1 Nc6+ 50. Kc3 Ne4+ 51. Kb2 e5 52. Bc1 f6 53. h5 Nd4 54. Be3 Ne6 55. Bb3 N4c5 56. Bxd5 Kg7 57. Bxe6 Nxe6 58. Bxb6 Kh6 59. Be3+ Nf4 60. Kc2 Kh7 61. Bd2 Ne6 62. Kc3 Nd4 63. Kd3 Nf3 64. Bc1 a5 65. Ke4 Nd4 66. g5 fxg5 67. Bxg5 a4 68. Bc1 Nc6 69. Kd5 Nb4+ 70. Ke4 Kg7 71. h6+ Kg6 72. Ba3 Nc2 73. Bb2 Nb4 74. Ba3 1/2-1/2

[Event "Madrid San Viator op-B 27th"]
[Site "Madrid"]
[Date "2016.09.25"]
[Round "1"]
[White "Navarro Gonzalez, Jaime"]
[Black "Lopez Nunez, Alonso"]
[Result "1-0"]
[WhiteElo "1733"]
[BlackElo "1361"]
[PlyCount "97"]
[EventDate "2016.09.25"]
[EventType "swiss"]
[EventRounds "9"]
[EventCountry "ESP"]
[SourceTitle "EXT 2017"]
[Source "ChessBase"]
[SourceDate "2016.10.25"]
[SourceVersion "1"]
[SourceVersionDate "2016.10.25"]
[SourceQuality "1"]

1. d4 Nf6 2. c4 e6 3. Nc3 Bb4 4. a3 Bxc3+ 5. bxc3 c5 6. Nf3 0-0 7. Bg5 b6 8. e3 d6 9. Be2 Nbd7 10. 0-0 Qc7 11. Qc2 Bb7 12. Nd2 d5 13. cxd5 Nxd5 14. c4 N5f6 15. Bf3 Bxf3 16. Nxf3 Rac8 17. Rac1 cxd4 18. exd4 b5 19. c5 Nd5 20. Bh4 N7f6 21. Bg3 Qb7 22. Rfe1 Rfd8 23. Be5 Qa6 24. Qd3 Qc6 25. Ng5 h6 26. Ne4 Nxe4 27. Rxe4 Ne7 28. h4 Nf5 29. Rg4 Rd5 30. Qd2 Kh7 31. Qf4 Rcd8 32. Bxg7 Qd7 33. Bf6 Rc8 34. Qe4 Rg8 35. Rxg8 Kxg8 36. Qg4+ Kh7 37. Qe4 Kg6 38. g4 Kxf6 39. gxf5 exf5 40. Qf4 Kg7 41. c6 Qc8 42. c7 Kg6 43. Rc6+ f6 44. Qg3+ Kf7 45. h5 Rxd4 46. Qg6+ Ke7 47. Qxf6+ Ke8 48. Re6+ Kd7 49. Qf7# 1-0

[Event "ESP-ch U10"]
[Site "Granada"]
[Date "2016.06.28"]
[Round "3"]
[White "Lopez Nunez, Alonso"]
[Black "Garijo Perez, Hugo"]
[Result "1-0"]
[WhiteElo "1324"]
[BlackElo "1408"]
[PlyCount "110"]
[EventDate "2016.06.27"]
[EventType "swiss"]
[EventRounds "9"]
[EventCountry "ESP"]
[SourceTitle "EXT 2024"]
[Source "ChessBase"]
[SourceDate "2023.10.10"]
[SourceVersion "1"]
[SourceVersionDate "2023.10.10"]
[SourceQuality "1"]

1. e4 a6 2. a4 e6 3. d4 c5 4. Nf3 b6 5. Bf4 Bb7 6. Nc3 Nc6 7. Be2 cxd4 8. Nxd4 Nxd4 9. Qxd4 d6 10. Qd2 Nf6 11. Bf3 Be7 12. Rd1 e5 13. Bg3 Qc7 14. 0-0 h5 15. h3 Nd7 16. Nd5 Bxd5 17. Qxd5 Rc8 18. Rd2 Qc6 19. Qxc6 Rxc6 20. Rfd1 g5 21. Re1 f6 22. b3 Kf7 23. Be2 Nc5 24. Bc4+ Kg7 25. f3 a5 26. Bf2 Rcc8 27. Red1 Rc7 28. Be2 Rh6 29. h4 Rb7 30. hxg5 fxg5 31. Be3 Ne6 32. Bf1 h4 33. Kh2 Rg6 34. Be2 Nf4 35. Bxf4 gxf4 36. Bc4 Rg3 37. Rd5 Kh7 38. Rb5 Bf8 39. Rd2 Kh6 40. Bd5 Rb8 41. b4 axb4 42. a5 Rg7 43. Rxb4 b5 44. c4 Ra7 45. Ra2 Be7 46. Rxb5 Rxb5 47. cxb5 Bd8 48. a6 Bb6 49. Rc2 Bc5 50. Bb7 Kg6 51. Rb2 Bb6 52. Rc2 Bc5 53. Rxc5 dxc5 54. b6 c4 55. Ba8 Rxa8 1-0

[Event "Madrid San Viator op-B 26th"]
[Site "Madrid"]
[Date "2016.04.17"]
[Round "3"]
[White "Santos Burkholz, Mario"]
[Black "Lopez Nunez, Alonso"]
[Result "1-0"]
[WhiteElo "1526"]
[BlackElo "1304"]
[PlyCount "92"]
[EventDate "2016.04.03"]
[EventType "swiss"]
[EventRounds "9"]
[EventCountry "ESP"]
[SourceTitle "EXT 2017"]
[Source "ChessBase"]
[SourceDate "2016.10.25"]
[SourceVersion "1"]
[SourceVersionDate "2016.10.25"]
[SourceQuality "1"]

1. e4 e6 2. e5 d6 3. exd6 Bxd6 4. d4 Nf6 5. Bg5 0-0 6. Nd2 Nbd7 7. Bd3 e5 8. Ngf3 exd4 9. Nxd4 c5 10. N4f3 Re8+ 11. Be2 Qe7 12. Nc4 Bc7 13. Ne3 Qd6 14. Qxd6 Bxd6 15. 0-0-0 Bf8 16. Bb5 a6 17. Bxd7 Nxd7 18. Nd5 Bd6 19. Rhe1 Rxe1 20. Rxe1 f6 21. Bh4 b5 22. Re6 Be5 23. Re8+ Kf7 24. Re7+ Kf8 25. Nxe5 Nxe5 26. Bg3 Ng6 27. Re1 Bb7 28. Nc7 Rc8 29. f3 Kf7 30. Rd1 Ne5 31. Bxe5 fxe5 32. Rd7+ Kf6 33. Nxa6 Bxa6 34. Rd6+ Ke7 35. Rxa6 Rd8 36. Ra7+ Kf6 37. Ra5 Rb8 38. Ra3 b4 39. Rd3 Ke6 40. Re3 Rb7 41. f4 Rf7 42. Rxe5+ Kd6 43. g3 g6 44. Re3 Kd5 45. c3 bxc3 46. Rxc3 Re7 1-0